| 000 | 00489nam a22001577a 4500 | ||
|---|---|---|---|
| 008 | 171205b xxu||||| |||| 00| 0 eng d | ||
| 020 | _a9789966250445 | ||
| 050 | _aAFR PR 9344 .D39 2012 | ||
| 100 | _aDawood, Yusuf K. | ||
| 245 |
_aReturn to Paradise / _cYusuf, Dawood K. |
||
| 250 | _a1st ed. | ||
| 260 |
_aKenya: _bEast African Educational Publishers, _c2012. |
||
| 300 |
_a280p. _c20cm |
||
| 650 | _aLiterature. | ||
| 942 |
_2lcc _cBOOKS _hAFR PR 9344 .D39 2012 _01 |
||
| 999 |
_c29365 _d29365 |
||